00561nam a2200169Ia 4500008004000000020001800040082001600058100001700074245005700091260005100148300000800199650001200207690002200219906001100241999001700252952012200269210210b1995 xxu||||| |||| 00| 0 eng d a81 206 1034 2 a954.87 HENT aHENTY (G A). aTiger of Mysore a story of the war with Tippoo saib. aNew Delhi.bAsian Educational Services.,c1995 a368 aTippu  aKarnataka History a050277 c98919d98919 001040708HistoryaALbALcHistoryd2021-02-17g295.00l0o954.87 HENTp050277r2021-02-17 00:00:00w2021-02-17yBK